[Event "Titled Tue 10th Jun Late"]
[Site "chess.com INT"]
[Date "2025.06.10"]
[Round "4"]
[White "Demchenko, Yaroslav"]
[Black "Sarkar, Justin"]
[Result "1-0"]
[WhiteTitle "CM"]
[BlackTitle "IM"]
[WhiteElo "2263"]
[BlackElo "2284"]
[WhiteFideId "14186667"]
[BlackFideId "2010011"]
[EventDate "2025.06.10"]

1. Nf3 d5 2. e3 e6 3. b3 c5 4. Bb2 Nc6 5. d4 cxd4 6. exd4 g6 7. a3 Bg7 8. Bd3
Nge7 9. Nbd2 O-O 10. h4 Nf5 11. c3 e5 12. dxe5 Nxe5 13. Nxe5 Bxe5 14. Qc2 Nxh4
15. O-O-O Bf5 16. Bxf5 Nxf5 17. g4 Ne7 18. Nf3 Bg7 19. Kb1 Qc8 20. c4 Qxg4 21.
Bxg7 Kxg7 22. Qc3+ f6 23. cxd5 Rac8 24. Qd3 Qf5 25. Nd4 Qxd5 26. Qe3 Qf7 27.
Ne6+ Kg8 28. Nxf8 Nf5 29. Qe6 Qxe6 30. Nxe6 1-0

[Event "Titled Tue 10th Jun Late"]
[Site "chess.com INT"]
[Date "2025.06.10"]
[Round "4"]
[White "Hernandez Santos, David Ale"]
[Black "Krzywda, Andrzej"]
[Result "0-1"]
[WhiteTitle "CM"]
[BlackTitle "CM"]
[WhiteElo "1742"]
[BlackElo "2175"]
[WhiteFideId "5132002"]
[BlackFideId "1114565"]
[EventDate "2025.06.10"]

1. d4 d5 2. Nc3 Nf6 3. Bf4 c5 4. e4 Nxe4 5. Nxe4 dxe4 6. dxc5 Qa5+ 7. c3 Qxc5 8.
Qa4+ Nc6 9. Qxe4 g6 10. Nf3 Bg7 11. Qe3 Qxe3+ 12. Bxe3 O-O 13. Be2 Be6 14. O-O
Na5 15. Nd4 Bc4 16. Rfe1 Bxe2 17. Nxe2 Nc4 18. Bc1 Rfd8 19. b3 Nd6 20. Bb2 Nb5
21. Rac1 Rd2 22. Rb1 Rad8 23. h3 Rc2 24. a4 Nc7 25. Ba3 e6 26. c4 Rdd2 27. Kf1
Ra2 28. Bb4 Rdb2 29. Rxb2 Rxb2 30. Bd6 Ne8 31. Bb8 Rxb3 32. Bxa7 Rb4 33. c5 Rxa4
34. Ng3 Rxa7 35. Rd1 Ra1 0-1

[Event "Titled Tue 10th Jun Late"]
[Site "chess.com INT"]
[Date "2025.06.10"]
[Round "4"]
[White "Zhukovskyi, Oleksandr"]
[Black "Gelman, Alexander"]
[Result "0-1"]
[WhiteTitle "CM"]
[BlackTitle "IM"]
[WhiteElo "2145"]
[BlackElo "2403"]
[WhiteFideId "14169371"]
[BlackFideId "4118316"]
[EventDate "2025.06.10"]

1. b3 c5 2. e4 e6 3. Bb2 a6 4. Nf3 Nc6 5. d4 cxd4 6. Nxd4 Nf6 7. Nxc6 bxc6 8.
Bd3 d5 9. exd5 cxd5 10. Nd2 Bb7 11. O-O Bd6 12. Qe2 O-O 13. h3 a5 14. a3 Re8 15.
f4 Rc8 16. Rac1 h6 17. Kh1 Qe7 18. Ra1 Nd7 19. Nf3 Bxf4 20. Nd4 Bb8 21. Rae1 Qd6
22. Nf3 Nc5 23. Bb5 Re7 24. Be5 Qb6 25. Nd4 Ne4 26. Bxb8 Rxb8 27. Qd3 Rc8 28.
Rf3 Rc3 29. Qf1 Qxd4 30. Rxc3 Qxc3 31. Rxe4 dxe4 0-1

[Event "Titled Tue 10th Jun Late"]
[Site "chess.com INT"]
[Date "2025.06.10"]
[Round "4"]
[White "Moosavifar, Seyed Abolfazl"]
[Black "Maglioni, Leonardo"]
[Result "1-0"]
[WhiteTitle "FM"]
[WhiteElo "2303"]
[BlackElo "2069"]
[WhiteFideId "42548195"]
[BlackFideId "2896830"]
[EventDate "2025.06.10"]

1. e4 e5 2. Nf3 Nc6 3. Bc4 Nf6 4. d3 Bc5 5. c3 O-O 6. O-O d6 7. h3 h6 8. a4 a5
9. Re1 Re8 10. Nbd2 Be6 11. Bxe6 Rxe6 12. Nf1 d5 13. exd5 Qxd5 14. Ne3 Bxe3 15.
Bxe3 Rd8 16. d4 exd4 17. Nxd4 Nxd4 18. Bxd4 Red6 19. Qc2 Re6 20. Rad1 Rde8 21.
Rxe6 Qxe6 22. Qd3 c6 23. Qg3 Nh5 24. Qh4 Qe2 25. Rc1 Re4 26. Qd8+ Kh7 27. Qd7
Re7 28. Qf5+ g6 29. Qxa5 Nf4 30. Qd8 Re8 31. Qf6 Nh5 32. Qxf7+ 1-0

[Event "Titled Tue 10th Jun Late"]
[Site "chess.com INT"]
[Date "2025.06.10"]
[Round "4"]
[White "Garcia Hernandez, Rebeca"]
[Black "Hariharan, Shambavi"]
[Result "1-0"]
[WhiteTitle "WCM"]
[BlackTitle "WCM"]
[WhiteElo "1904"]
[BlackElo "1936"]
[WhiteFideId "5180872"]
[BlackFideId "488160"]
[EventDate "2025.06.10"]

1. Nf3 d5 2. g3 Nf6 3. Bg2 e6 4. O-O c5 5. b3 Be7 6. Bb2 O-O 7. d4 Nc6 8. Nbd2
b6 9. c4 Bb7 10. Rc1 Rc8 11. cxd5 Nxd5 12. dxc5 Bxc5 13. Ne4 Be7 14. Nc3 Ncb4
15. Nxd5 Nxd5 16. Ne5 Bf6 17. Rxc8 Qxc8 18. Nd3 Bxb2 19. Nxb2 Rd8 20. Nd3 Nc3
21. Qc2 Bxg2 22. Kxg2 Qb7+ 23. Kg1 Nd5 24. Rc1 h6 25. Qc6 Qa6 26. a4 Ne7 27. Qc7
Rc8 28. Qxe7 Rxc1+ 29. Nxc1 Qc8 30. Nd3 Qc2 31. Qe8+ Kh7 32. Qxf7 Qxe2 33. Nf4
Qe1+ 34. Kg2 Qe4+ 35. f3 Qc2+ 36. Kh3 e5 37. Ne6 Qg6 38. Nf8+ 1-0

[Event "Titled Tue 10th Jun Late"]
[Site "chess.com INT"]
[Date "2025.06.10"]
[Round "4"]
[White "Azamikia, Mehran"]
[Black "Martinovici, Ilia"]
[Result "0-1"]
[WhiteTitle "CM"]
[BlackTitle "IM"]
[WhiteElo "2130"]
[BlackElo "2452"]
[WhiteFideId "12502502"]
[BlackFideId "13907034"]
[EventDate "2025.06.10"]

1. d4 Nf6 2. Nf3 e6 3. c4 b6 4. g3 Bb7 5. Bg2 Be7 6. d5 exd5 7. Nh4 c6 8. cxd5
Nxd5 9. Nf5 O-O 10. e4 Bb4+ 11. Bd2 Bxd2+ 12. Qxd2 Nc7 13. Nc3 d5 14. exd5 Nxd5
15. Nxd5 cxd5 16. O-O Na6 17. Rad1 Nc7 18. Rfe1 Qf6 19. Ne7+ Kh8 20. Qd4 Qxd4
21. Rxd4 Rfe8 22. Rd2 Rad8 23. Rde2 g6 24. Kf1 Ba6 25. Nc6 Rxe2 26. Rxe2 Re8 27.
Bf3 Kg7 28. Nxa7 Ne6 29. Kg2 Bxe2 30. Bxe2 Ra8 31. Nc6 Rxa2 32. Bf3 d4 33. b4 d3
34. Ne5 d2 35. Nc4 Nd4 36. Bd1 Ra1 37. Ne3 Nf5 0-1

[Event "Titled Tue 10th Jun Late"]
[Site "chess.com INT"]
[Date "2025.06.10"]
[Round "4"]
[White "Shapiro, Daniel"]
[Black "Halynyazov, Vepaly"]
[Result "0-1"]
[WhiteTitle "FM"]
[WhiteElo "2284"]
[BlackElo "2189"]
[WhiteFideId "2001780"]
[BlackFideId "14004020"]
[EventDate "2025.06.10"]

1. d4 d5 2. c4 e6 3. Nf3 Nf6 4. g3 Be7 5. Bg2 O-O 6. O-O dxc4 7. Ne5 Qd6 8. Na3
Rd8 9. e3 Qa6 10. Qc2 c5 11. dxc5 Nbd7 12. Naxc4 Nxc5 13. b3 Bd7 14. Nxd7 Rxd7
15. Bb2 Rc8 16. Rfc1 Nd3 17. Rd1 Nxb2 18. Qxb2 b5 19. Rxd7 Nxd7 20. Qd2 Nf8 21.
Ne5 Bf6 22. f4 Ng6 23. Nxg6 hxg6 24. Rd1 Qb6 25. h3 Rc3 26. Kf2 Qc5 27. Qe2 a5
28. Rd2 g5 29. fxg5 Bxg5 30. Rd7 Rxe3 0-1

[Event "Titled Tue 10th Jun Late"]
[Site "chess.com INT"]
[Date "2025.06.10"]
[Round "4"]
[White "Araujo Filho, Luiz Antonio Coel"]
[Black "Gurevich, Dmitry"]
[Result "0-1"]
[BlackTitle "GM"]
[WhiteElo "2077"]
[BlackElo "2338"]
[WhiteFideId "2130661"]
[BlackFideId "2000407"]
[EventDate "2025.06.10"]

1. d4 Nf6 2. Nf3 e6 3. e3 c5 4. Bd3 b6 5. Qe2 Be7 6. Nbd2 cxd4 7. exd4 O-O 8.
O-O Bb7 9. c3 d6 10. Re1 a6 11. Ne4 Nxe4 12. Bxe4 Bxe4 13. Qxe4 Nd7 14. h3 Qc7
15. a4 Nf6 16. Qh4 Qb7 17. Bg5 h6 18. Bxh6 gxh6 19. Qxh6 Nh7 20. c4 Kh8 21. Re2
Rg8 22. Kh1 Rxg2 23. d5 Rag8 24. Rae1 e5 25. Re4 f5 26. Nxe5 dxe5 27. Rxe5 R2g6
28. Qh5 Bf6 29. Rxf5 Qg7 0-1

[Event "Titled Tue 10th Jun Late"]
[Site "chess.com INT"]
[Date "2025.06.10"]
[Round "4"]
[White "Guerra Mendez, Jose Angel"]
[Black "Bacus, Dharim"]
[Result "1-0"]
[WhiteTitle "GM"]
[BlackTitle "FM"]
[WhiteElo "2478"]
[BlackElo "2131"]
[WhiteFideId "3508129"]
[BlackFideId "5201527"]
[EventDate "2025.06.10"]

1. e4 e5 2. Nf3 Nc6 3. Bc4 Bc5 4. c3 Nf6 5. d3 d6 6. O-O h6 7. Bb3 Bg4 8. Nbd2
O-O 9. Re1 Re8 10. Nf1 d5 11. Qe2 dxe4 12. dxe4 Be6 13. Ng3 Bxb3 14. axb3 a5 15.
Nh4 Re6 16. Nhf5 Ne7 17. Rd1 Qe8 18. Qf3 Nxf5 19. Nxf5 Qc6 20. Re1 Rd8 21. h3
Qb6 22. b4 axb4 23. Bxh6 gxh6 24. Qg3+ Kf8 25. Qg7+ Ke8 26. Nxh6 Bxf2+ 27. Kh2
Rd7 28. Ra8+ Ke7 29. Nf5# 1-0

[Event "Titled Tue 10th Jun Late"]
[Site "chess.com INT"]
[Date "2025.06.10"]
[Round "4"]
[White "Jagirapu, Harshin Reddy"]
[Black "Sakhayi, Mostafa"]
[Result "0-1"]
[BlackTitle "CM"]
[WhiteElo "2042"]
[BlackElo "2166"]
[WhiteFideId "39910679"]
[BlackFideId "12512532"]
[EventDate "2025.06.10"]

1. Nf3 d5 2. g3 Nc6 3. d4 Bf5 4. Bg2 Nb4 5. Na3 e6 6. c3 Nc6 7. Nb1 Be7 8. O-O
Nf6 9. a4 a5 10. Bf4 O-O 11. Nbd2 h6 12. h3 Ne4 13. Nxe4 Bxe4 14. Nd2 Bxg2 15.
Kxg2 Bd6 16. Bxd6 Qxd6 17. e4 e5 18. dxe5 Nxe5 19. f4 Nd3 20. e5 Qc6 21. Qb1 Nc5
22. Nf3 Nxa4 23. Nd4 Qd7 24. f5 Nc5 25. f6 Rfe8 26. fxg7 Rxe5 27. Nf5 Qe6 28.
Rf2 Ne4 29. Rf4 Rxf5 30. Qf1 Rxf4 31. Qxf4 Kxg7 32. Qxc7 Qd6 33. Qxb7 Qxg3+ 0-1

[Event "Titled Tue 10th Jun Late"]
[Site "chess.com INT"]
[Date "2025.06.10"]
[Round "4"]
[White "Vykouk, Jan"]
[Black "Donoso Aguirre, Maximiliano"]
[Result "1-0"]
[WhiteTitle "IM"]
[BlackTitle "CM"]
[WhiteElo "2490"]
[BlackElo "2050"]
[WhiteFideId "349658"]
[BlackFideId "3458920"]
[EventDate "2025.06.10"]

1. e4 e5 2. Nf3 Nc6 3. Bc4 Bc5 4. c3 Nf6 5. d4 exd4 6. O-O Nxe4 7. cxd4 d5 8.
dxc5 dxc4 9. Qe2 Qd3 10. Re1 f5 11. Nc3 O-O 12. Nxe4 fxe4 13. Qxe4 Bf5 14. Qh4
Rae8 15. Bf4 Qd5 16. Bxc7 Qxc5 17. Qg3 Nd4 18. Bd6 Nxf3+ 19. gxf3 Qd5 20. Bxf8
Rxf8 21. Rad1 Bd3 22. Re7 Qd4 23. Rxb7 h6 24. Re1 Rf5 25. h4 Rf7 26. Re8+ Rf8
27. Ree7 g6 28. Qg4 Qf6 29. Qe6+ Qxe6 30. Rg7+ 1-0

[Event "Titled Tue 10th Jun Late"]
[Site "chess.com INT"]
[Date "2025.06.10"]
[Round "4"]
[White "Shandrygin, Nikita"]
[Black "Turcsanyi, Vince Gergo"]
[Result "1-0"]
[WhiteTitle "FM"]
[BlackTitle "FM"]
[WhiteElo "2209"]
[BlackElo "2312"]
[WhiteFideId "24198668"]
[BlackFideId "791784"]
[EventDate "2025.06.10"]

1. e4 d6 2. d4 Nf6 3. Nc3 c6 4. f3 Qa5 5. Be3 e5 6. Qd2 Be7 7. Nge2 O-O 8. O-O-O
b5 9. a3 Qc7 10. Kb1 a5 11. Na2 Be6 12. g4 c5 13. dxe5 dxe5 14. g5 Ne8 15. Nec3
b4 16. Nd5 Qb7 17. a4 Nc6 18. f4 exf4 19. Bxf4 c4 20. Bxc4 Bc5 21. h4 Nd4 22. h5
b3 23. cxb3 Nxb3 24. Qc3 Nd4 25. Rxd4 Bxd4 26. Qxd4 Rc8 27. h6 f6 28. hxg7 Qxg7
29. gxf6 Nxf6 30. Nxf6+ Qxf6 31. Rg1+ Kf7 32. Qd7+ Qe7 33. Bxe6+ Kf6 34. e5# 1-0

[Event "Titled Tue 10th Jun Late"]
[Site "chess.com INT"]
[Date "2025.06.10"]
[Round "4"]
[White "Saydaliev, Saidakbar"]
[Black "George, Kevin"]
[Result "1-0"]
[WhiteTitle "IM"]
[BlackTitle "IM"]
[WhiteElo "2450"]
[BlackElo "2327"]
[WhiteFideId "14203693"]
[BlackFideId "10669515"]
[EventDate "2025.06.10"]

1. Nf3 d5 2. g3 g6 3. Bg2 Bg7 4. d4 c6 5. O-O Nf6 6. c4 dxc4 7. a4 Ne4 8. e3 O-O
9. Na3 c3 10. bxc3 Nxc3 11. Qc2 Nd5 12. Nc4 Nb6 13. Ncd2 Bf5 14. e4 Bg4 15. Bb2
a5 16. h3 Be6 17. Rab1 Ba2 18. Ra1 Be6 19. Bc3 Nc4 20. Ng5 Nxd2 21. Nxe6 fxe6
22. Qxd2 Nd7 23. Qa2 Kh8 24. Qxe6 c5 25. Rad1 Ra6 26. Qa2 Qc7 27. Qa1 e5 28.
dxe5 Nxe5 29. Rd5 Re6 30. Rfd1 h5 31. f4 Nf7 32. Bxg7+ Kg8 33. Bxf8 Kxf8 34. e5
Qb6 35. Kh2 c4 36. Rd7 Qf2 37. R1d2 Qe3 38. Qd4 Qa3 39. Rxf7+ Kxf7 40. Bd5 h4
41. Bxe6+ Kg7 42. gxh4 Kh6 43. Qd8 1-0

[Event "Titled Tue 10th Jun Late"]
[Site "chess.com INT"]
[Date "2025.06.10"]
[Round "4"]
[White "Risteski, Emil"]
[Black "Khlebovich, Alexander"]
[Result "1-0"]
[WhiteTitle "IM"]
[BlackTitle "IM"]
[WhiteElo "2374"]
[BlackElo "2423"]
[WhiteFideId "15005267"]
[BlackFideId "4169123"]
[EventDate "2025.06.10"]

1. g3 c5 2. Bg2 Nc6 3. e4 g6 4. Ne2 Bg7 5. c3 e5 6. O-O d6 7. a3 a5 8. a4 Nge7
9. Na3 O-O 10. Nb5 Be6 11. d4 exd4 12. cxd4 cxd4 13. Nexd4 Bc4 14. Re1 Nxd4 15.
Nxd4 Qb6 16. Be3 Qxb2 17. Rb1 Qa3 18. Rxb7 Rfe8 19. Nb5 Bxb5 20. axb5 a4 21. b6
Qb4 22. Bd2 Qb2 23. Bc1 Qb4 24. Bd2 Qb3 25. Qxb3 axb3 26. e5 Bxe5 27. Rxe7 Rxe7
28. Bxa8 b2 29. Bd5 Bd4 30. Rb1 Bxb6 31. Rxb2 Bd4 32. Rb8+ Kg7 33. Rb7 Rxb7 34.
Bxb7 Kf6 35. Kg2 h5 36. f4 Ke6 37. Kf3 d5 38. Bb4 Bf6 39. Bc8# 1-0

[Event "Titled Tue 10th Jun Late"]
[Site "chess.com INT"]
[Date "2025.06.10"]
[Round "4"]
[White "Odegov, Artem"]
[Black "Dilanyan, Grigor"]
[Result "1-0"]
[WhiteTitle "FM"]
[BlackTitle "FM"]
[WhiteElo "2244"]
[BlackElo "2191"]
[WhiteFideId "34183644"]
[BlackFideId "13303570"]
[EventDate "2025.06.10"]

1. d4 Nf6 2. Nf3 c5 3. c3 b6 4. dxc5 bxc5 5. e4 d6 6. e5 Ng4 7. Qd5 Qb6 8. Qxa8
c4 9. Nd4 dxe5 10. h3 exd4 11. hxg4 e5 12. Qe4 Bd6 13. Bxc4 Bb7 14. Bd5 Nc6 15.
Nd2 Qc5 16. Nc4 Bc7 17. b4 Nxb4 18. Bxb7 Qxc4 19. cxb4 Qc3+ 20. Ke2 Qxa1 21.
Qc6+ Kf8 22. Qc5+ Kg8 23. Qxc7 Qxa2+ 24. Bd2 h6 25. Be4 g6 26. b5 Kg7 27. Bd3
Re8 28. Bc4 1-0

[Event "Titled Tue 10th Jun Late"]
[Site "chess.com INT"]
[Date "2025.06.10"]
[Round "4"]
[White "Aranda, Juan Manuel"]
[Black "Fomevor, Cephas Clinton"]
[Result "1-0"]
[WhiteTitle "CM"]
[BlackTitle "CM"]
[WhiteElo "2134"]
[BlackElo "1883"]
[WhiteFideId "160458"]
[BlackFideId "12601330"]
[EventDate "2025.06.10"]

1. Nf3 c5 2. g3 Nc6 3. Bg2 d5 4. d4 Nf6 5. O-O Bg4 6. c4 e6 7. Nc3 Bxf3 8. exf3
cxd4 9. cxd5 dxc3 10. dxc6 Qxd1 11. Rxd1 cxb2 12. cxb7 Rb8 13. Bxb2 Rxb7 14. Be5
Be7 15. f4 Rb6 16. Bc7 Ra6 17. Bb7 Ra3 18. Bc6+ Kf8 19. Rab1 g6 20. Be5 Kg7 21.
Rb7 Bc5 22. Rd2 Rf8 23. h4 h5 24. Kg2 Bb6 25. Bb5 Ra5 26. Bc4 Rc5 27. Bxe6 Rc1
28. Bb3 Re1 29. Rdd7 Rxe5 30. fxe5 1-0

[Event "Titled Tue 10th Jun Late"]
[Site "chess.com INT"]
[Date "2025.06.10"]
[Round "4"]
[White "Wang, Michael"]
[Black "Robert, Yoann"]
[Result "1-0"]
[BlackTitle "CM"]
[WhiteElo "1868"]
[BlackElo "2203"]
[WhiteFideId "30920531"]
[BlackFideId "36018805"]
[EventDate "2025.06.10"]

1. e4 c5 2. Be2 Nc6 3. d3 g6 4. f4 Bg7 5. Nf3 e6 6. O-O Nge7 7. Qe1 d5 8. c3 b6
9. Na3 Bb7 10. e5 O-O 11. d4 cxd4 12. Nxd4 Nxd4 13. cxd4 Rc8 14. Nb5 Nc6 15. b3
a6 16. Nd6 Rc7 17. Ba3 b5 18. Nxb7 Rxb7 19. Bxf8 Bxf8 20. Qf2 Qb6 21. Kh1 Nxd4
22. Bg4 Bc5 23. Qh4 Nc2 24. Rac1 Ne3 25. Rfe1 Rd7 26. b4 Bxb4 27. Rc8+ Bf8 28.
h3 Nc4 29. Qf6 d4 30. f5 exf5 31. e6 Re7 32. Qxe7 Qd6 33. Rxf8+ Kg7 34. Rxf7+
Kh6 35. Rxh7# 1-0

[Event "Titled Tue 10th Jun Late"]
[Site "chess.com INT"]
[Date "2025.06.10"]
[Round "4"]
[White "Moskalenko, Alexander"]
[Black "Nepomniachtchi, Ian"]
[Result "0-1"]
[WhiteTitle "GM"]
[BlackTitle "GM"]
[WhiteElo "2422"]
[BlackElo "2757"]
[WhiteFideId "4155351"]
[BlackFideId "4168119"]
[EventDate "2025.06.10"]

1. e4 e6 2. d4 d5 3. exd5 exd5 4. Nf3 Nc6 5. Nc3 Nge7 6. Bd3 Bg4 7. Be3 Nf5 8.
O-O Be7 9. h3 Nxe3 10. fxe3 Be6 11. e4 Nb4 12. exd5 Nxd5 13. Nxd5 Qxd5 14. c4
Qd6 15. d5 Bd7 16. Qe2 O-O 17. Ne5 Rae8 18. Nxd7 Qxd7 19. Kh1 g6 20. Qf3 Bd6 21.
Rae1 a5 22. b3 b6 23. g4 Qd8 24. Kg2 Rxe1 25. Rxe1 Qg5 26. Re2 h5 27. Qe3 Bf4
28. Qf3 Kg7 29. Rf2 Be5 30. Rf1 f6 31. Rf2 Rh8 32. Kf1 Qc1+ 33. Kg2 Qc3 34. Qe4
hxg4 35. Qxg6+ Kf8 36. hxg4 Rh2+ 37. Kf3 Rh3+ 38. Kg2 Rg3+ 39. Kh1 Qe1+ 40. Rf1
Rh3+ 0-1

[Event "Titled Tue 10th Jun Late"]
[Site "chess.com INT"]
[Date "2025.06.10"]
[Round "4"]
[White "Harshal, Shahi"]
[Black "Baltabaev, Temirlan"]
[Result "0-1"]
[WhiteTitle "FM"]
[BlackTitle "FM"]
[WhiteElo "2143"]
[BlackElo "2295"]
[WhiteFideId "5048257"]
[BlackFideId "4112172"]
[EventDate "2025.06.10"]

1. e4 e5 2. d4 exd4 3. Qxd4 Nc6 4. Qc4 Nf6 5. Nc3 Bb4 6. Bd2 d6 7. Qe2 O-O 8.
O-O-O a5 9. Nd5 Bxd2+ 10. Rxd2 Re8 11. f3 Nxd5 12. Rxd5 Be6 13. Rd1 Bxa2 14. Qb5
Be6 15. Ne2 Qf6 16. Nc3 a4 17. Qxb7 Na5 18. Qb4 Reb8 19. Qa3 Nb3+ 20. Kb1 Nc5
21. Bb5 Rb6 22. Rd2 Rab8 23. Bxa4 Rxb2+ 24. Qxb2 Rxb2+ 25. Kxb2 Nxa4+ 26. Kc1
Qxc3 0-1

[Event "Titled Tue 10th Jun Late"]
[Site "chess.com INT"]
[Date "2025.06.10"]
[Round "4"]
[White "Fernandes, Rogerio Paulo Muller"]
[Black "Rees, Ioan"]
[Result "0-1"]
[BlackTitle "FM"]
[WhiteElo "2241"]
[BlackElo "2280"]
[WhiteFideId "2101599"]
[BlackFideId "1801236"]
[EventDate "2025.06.10"]

1. c4 Nf6 2. g3 g6 3. Bg2 Bg7 4. Nf3 O-O 5. O-O d5 6. Qc2 c6 7. d3 Re8 8. Rd1 e5
9. Bg5 Nbd7 10. Nc3 h6 11. Bxf6 Nxf6 12. cxd5 cxd5 13. Rac1 a6 14. a4 Bf5 15.
Nd2 Rc8 16. Qb3 d4 17. Nce4 Nxe4 18. Bxe4 Be6 19. Qxb7 Rb8 20. Qxa6 Rxb2 21. Bf3
h5 22. Nc4 Ra2 23. Ra1 Rc2 24. Rdc1 Bxc4 25. dxc4 Rxc1+ 26. Rxc1 e4 27. Bg2 e3
28. c5 exf2+ 29. Kxf2 Bh6 30. Rd1 Be3+ 31. Kf1 Qg5 32. c6 Qf5+ 33. Bf3 Qh3+ 34.
Bg2 Qxh2 0-1

[Event "Titled Tue 10th Jun Late"]
[Site "chess.com INT"]
[Date "2025.06.10"]
[Round "4"]
[White "Uyanga, Byambaa"]
[Black "Sivakumar, Shaashwath"]
[Result "0-1"]
[WhiteTitle "WFM"]
[BlackTitle "FM"]
[WhiteElo "2006"]
[BlackElo "2216"]
[WhiteFideId "2054906"]
[BlackFideId "30912156"]
[EventDate "2025.06.10"]

1. e4 c5 2. Nf3 d6 3. d4 cxd4 4. Nxd4 Nf6 5. Nc3 a6 6. Bc4 e6 7. Bb3 Nbd7 8. g4
Nc5 9. f3 Be7 10. Be3 Qc7 11. Qd2 b5 12. O-O-O Bb7 13. g5 Nfd7 14. h4 O-O 15. h5
b4 16. Na4 Nxa4 17. Bxa4 Nc5 18. Bb3 a5 19. Nb5 Qb6 20. Bxc5 Qxc5 21. Nxd6 Bxd6
22. Qxd6 Qxg5+ 23. f4 Qf6 24. Rhe1 a4 25. Qxb4 axb3 26. Qxb7 bxa2 27. Kd2 Qxf4+
28. Ke2 Rab8 29. Qc6 Rfc8 30. Qa4 Rxc2+ 31. Qxc2 Qh2+ 32. Kd3 Rd8+ 33. Kc3 Rc8+
34. Kb3 Qxc2+ 35. Kxa2 Ra8# 0-1

[Event "Titled Tue 10th Jun Late"]
[Site "chess.com INT"]
[Date "2025.06.10"]
[Round "4"]
[White "Mahdavi, Reza"]
[Black "Naroditsky, Daniel"]
[Result "1-0"]
[WhiteTitle "IM"]
[BlackTitle "GM"]
[WhiteElo "2454"]
[BlackElo "2619"]
[WhiteFideId "12595926"]
[BlackFideId "2026961"]
[EventDate "2025.06.10"]

1. e4 c5 2. Nf3 g6 3. d4 cxd4 4. Nxd4 Bg7 5. c4 Nc6 6. Be3 Qb6 7. Nb3 Qd8 8. Nd4
Nf6 9. Nc3 O-O 10. Be2 Nxd4 11. Bxd4 d6 12. O-O Be6 13. Qd3 a5 14. f4 a4 15.
Rad1 Qa5 16. b3 axb3 17. axb3 Qb4 18. f5 Bd7 19. Bxf6 Bxf6 20. Nd5 Qc5+ 21. Kh1
Bc6 22. b4 Qa7 23. Nxf6+ exf6 24. b5 Bd7 25. Qxd6 Rad8 26. Qc7 Qa2 27. Bf3 g5
28. Rxd7 Rc8 29. Qd6 Qxc4 30. Rd1 Qc3 31. Qd4 b6 32. Qxc3 Rxc3 33. R7d6 Kg7 34.
Rxb6 h5 35. Bxh5 Rfc8 36. h3 R8c7 37. Rbd6 Rb3 38. Rd7 Rxd7 39. Rxd7 Rxb5 40.
Rxf7+ Kh6 41. Kh2 g4 42. Bxg4 Kg5 43. Kg3 Rb6 44. Rg7+ Kh6 45. Rg6+ Kh7 46. Bf3
Ra6 47. e5 Ra7 48. Rxf6 Rg7+ 49. Kf4 Kg8 50. Rg6 Kh7 51. Rxg7+ Kh8 52. Rg6 Kh7
53. e6 Kh8 54. e7 Kh7 55. Kg5 Kh8 56. e8=Q+ Kh7 57. Qg8# 1-0

[Event "Titled Tue 10th Jun Late"]
[Site "chess.com INT"]
[Date "2025.06.10"]
[Round "4"]
[White "Stefansson, Vignir Vatnar"]
[Black "Mitrabha, Guha"]
[Result "0-1"]
[WhiteTitle "GM"]
[BlackTitle "GM"]
[WhiteElo "2515"]
[BlackElo "2515"]
[WhiteFideId "2308649"]
[BlackFideId "5057000"]
[EventDate "2025.06.10"]

1. d4 Nf6 2. c4 e6 3. g3 c5 4. d5 exd5 5. cxd5 d6 6. a4 g6 7. Ra3 Be7 8. Bh6 Ng4
9. Bg7 Rg8 10. Bc3 Bf6 11. Nf3 Kf8 12. Bg2 Kg7 13. h3 Bxc3+ 14. Nxc3 Nf6 15. O-O
Re8 16. Nd2 Nbd7 17. e4 a6 18. f4 Rb8 19. Nc4 Nb6 20. Nd2 Nbd7 21. a5 b5 22.
axb6 Nxb6 23. Kh2 Qc7 24. Qf3 Nbd7 25. Nc4 Rb4 26. Qd3 Nb6 27. Nxb6 Qxb6 28. Nd1
Nxe4 29. b3 Rd4 30. Qc2 Bf5 31. Qb2 Kg8 32. Ne3 Nd2 33. Re1 Bd7 34. Qc2 Qb4 35.
Ra4 Nf3+ 36. Bxf3 Qxe1 37. Ng2 Rd2 38. Ra1 0-1

[Event "Titled Tue 10th Jun Late"]
[Site "chess.com INT"]
[Date "2025.06.10"]
[Round "4"]
[White "Shankland, Sam"]
[Black "Cori Quispe, Kevin Joel"]
[Result "0-1"]
[WhiteTitle "GM"]
[BlackTitle "GM"]
[WhiteElo "2666"]
[BlackElo "2464"]
[WhiteFideId "2004887"]
[BlackFideId "3814017"]
[EventDate "2025.06.10"]

1. d4 Nf6 2. c4 c5 3. d5 b5 4. cxb5 a6 5. bxa6 g6 6. Nc3 Bg7 7. e4 O-O 8. Bc4
Qa5 9. a7 Qxa7 10. Nf3 Ba6 11. Bxa6 Qxa6 12. e5 Ng4 13. Bf4 d6 14. exd6 exd6 15.
Qe2 Nd7 16. Qxa6 Rxa6 17. O-O Rb8 18. Rab1 h6 19. a4 g5 20. Bg3 f5 21. h3 Ngf6
22. h4 f4 23. Bh2 g4 24. Nd2 Nh5 25. Ne2 Rxa4 26. b3 Rab4 27. Nc4 Be5 28. Nxe5
dxe5 29. Nc1 c4 30. Ra1 cxb3 31. Nd3 Rd4 32. Nb2 g3 33. Ra7 gxh2+ 34. Kxh2 Rxd5
35. Rc1 Rd2 36. Rc6 Nhf6 37. Nc4 Rc2 38. Nxe5 Rxc6 39. Nxc6 b2 40. Nxb8 b1=Q 41.
Nxd7 Ng4+ 0-1

[Event "Titled Tue 10th Jun Late"]
[Site "chess.com INT"]
[Date "2025.06.10"]
[Round "4"]
[White "Goryachkina, Aleksandra"]
[Black "Kunin, Vitaly"]
[Result "0-1"]
[WhiteTitle "GM"]
[BlackTitle "GM"]
[WhiteElo "2533"]
[BlackElo "2500"]
[WhiteFideId "4147103"]
[BlackFideId "4128737"]
[EventDate "2025.06.10"]

1. e4 d6 2. d4 Nf6 3. Nc3 e5 4. Nf3 Nbd7 5. Bc4 Be7 6. O-O O-O 7. a4 c6 8. Re1
exd4 9. Nxd4 Ne5 10. Ba2 Re8 11. h3 Bd7 12. Bf4 a5 13. Bb3 Qb6 14. Nf3 Bf8 15.
Nxe5 dxe5 16. Bg5 Be6 17. Bxf6 Bxb3 18. cxb3 gxf6 19. Re3 Kh8 20. Rg3 Bh6 21.
Qh5 Bf4 22. Rg4 Rg8 23. Qxf7 Rxg4 24. hxg4 Bg5 25. Rd1 Rd8 26. Rxd8+ Qxd8 27.
Qxb7 Qd2 28. Qa8+ Kg7 29. Qa7+ Kg6 30. g3 Qxb2 31. Nd1 Qb1 32. Qd7 Qxe4 33. Nc3
Qc2 0-1